Länder nach Fläche - 1 gegen 1 - Statistiken

Allgemein
  • Dieses Quiz wurde 473 mal gespielt
    452 seit der letzten Aktualisierung
  • Das Durchschnittsergebnis liegt bei 7 aus 20
Answers on the Grid
Answers color-coded by a green-red scale on the quiz's grid according to % correct below.
Mongolei
Kanada
Dominikanische Republik
Vereinigtes Königreich
Russland
Vereinigte Staaten
Salomonen
Kuba
Peru
Schweden
Mexiko
Rumänien
Afghanistan
Libyen
Italien
Griechenland
Tadschikistan
Usbekistan
Indonesien
Kasachstan
Vatikanstadt
Nauru
Nigeria
Ukraine
Spanien
Sudan
Serbien
Slowakei
El Salvador
Panama
Paraguay
Finnland
Vereinigte Arabische Emirate
Jamaika
Bahrain
Luxemburg
Belgien
Niederlande
Jemen
Oman
 
Antwortstatistiken
Antwort % Korrekt
Kanada
96%
Russland
88%
Vereinigtes Königreich
81%
Kuba
75%
Mexiko
55%
Peru
50%
Libyen
42%
Italien
40%
Nauru
36%
Usbekistan
36%
Kasachstan
31%
Sudan
22%
Serbien
19%
Nigeria
18%
Panama
17%
Niederlande
9%
Jemen
7%
Luxemburg
6%
Paraguay
5%
Vereinigte Arabische Emirate
5%
Keine übereinstimmenden Quizze gefunden
Verteilung der Resultate
Anzahl Personen mit jedem Resultat
Perzentil nach korrekt beantworteten Fragen
Ihre Resultats-Entwicklung
Sie haben dieses Quiz seit der letzten Aktualisierung nicht gespielt